[Event "SVK-ch Amateur"]
[Site "Topolcany"]
[Date "2020.07.12"]
[Round "5"]
[White "Tatliak, Stefan"]
[Black "Chlpek, Daniel"]
[Result "0-1"]
[WhiteElo "1704"]
[BlackElo "1982"]
[PlyCount "54"]
[EventDate "2020.07.10"]
[EventType "swiss"]
[EventRounds "7"]
[EventCountry "SVK"]
[SourceTitle "EXT 2021"]
[Source "ChessBase"]
[SourceDate "2020.10.23"]
[SourceVersion "1"]
[SourceVersionDate "2020.10.23"]
[SourceQuality "1"]

1. e4 c5 2. Nf3 d6 3. d4 cxd4 4. Nxd4 Nf6 5. Nc3 a6 6. Be3 e5 7. Nb3 Be6 8. Be2 Be7 9. f3 0-0 10. Qd2 Nbd7 11. 0-0 Rc8 12. Kh1 b5 13. a3 Nb6 14. Bf2 Qc7 15. Rac1 Nc4 16. Bxc4 bxc4 17. Na1 Qb7 18. Rb1 d5 19. exd5 Nxd5 20. Nxd5 Bxd5 21. Qe2 e4 22. fxe4 Bxe4 23. Qg4 f5 24. Qh3 Rf6 25. Be3 Rg6 26. Rg1 Rf8 27. Rbf1 Qxb2 0-1

[Event "Hamburg HSK Christmas op 4th"]
[Site "Hamburg"]
[Date "2018.12.29"]
[Round "5"]
[White "Tatliak, Stefan"]
[Black "Klawitter, Bernd"]
[Result "0-1"]
[WhiteElo "1699"]
[BlackElo "1593"]
[PlyCount "73"]
[EventDate "2018.12.27"]
[EventType "swiss"]
[EventRounds "7"]
[EventCountry "GER"]
[SourceTitle "CBM 188 Extra"]
[Source "ChessBase"]
[SourceDate "2019.02.26"]
[SourceVersion "1"]
[SourceVersionDate "2019.02.26"]
[SourceQuality "1"]

1. e4 c6 2. d4 d5 3. e5 Bf5 4. Nc3 e6 5. Nge2 h6 6. Ng3 Bh7 7. Bd3 Bxd3 8. Qxd3 a6 9. Nce2 c5 10. c3 c4 11. Qc2 b5 12. f4 g6 13. 0-0 h5 14. h3 h4 15. Nh1 Ne7 16. b3 Nf5 17. bxc4 dxc4 18. Rf3 Qd5 19. Nf2 Nc6 20. Ne4 Be7 21. Bb2 b4 22. Rd1 Kf8 23. cxb4 Nxb4 24. Qb1 Nd3 25. Nf6 Bxf6 26. exf6 Kg8 27. Bc3 Kh7 28. Qc2 Rhb8 29. Rdf1 Rb7 30. Kh2 Rab8 31. g4 Nd6 32. Qd2 Ne4 33. Qc2 Nxc3 34. Nxc3 Qa5 35. Qa4 Qxc3 36. Qxa6 Rb2+ 37. Kh1 0-1

[Event "Hamburg HSK Christmas op 4th"]
[Site "Hamburg"]
[Date "2018.12.28"]
[Round "3"]
[White "Englert, Barbara"]
[Black "Tatliak, Stefan"]
[Result "0-1"]
[WhiteElo "1238"]
[BlackElo "1699"]
[PlyCount "27"]
[EventDate "2018.12.27"]
[EventType "swiss"]
[EventRounds "7"]
[EventCountry "GER"]
[SourceTitle "CBM 188 Extra"]
[Source "ChessBase"]
[SourceDate "2019.02.26"]
[SourceVersion "1"]
[SourceVersionDate "2019.02.26"]
[SourceQuality "1"]

1. e4 e5 2. Nf3 Nc6 3. d4 exd4 4. Nxd4 Bc5 5. Be3 Bb6 6. Bc4 Nge7 7. Nxc6 bxc6 8. Nd2 0-0 9. 0-0 d5 10. exd5 cxd5 11. Bd3 Be6 12. Qh5 g6 13. Qh6 f6 14. Rae1 0-1

[Event "Hamburg HSK Christmas op 4th"]
[Site "Hamburg"]
[Date "2018.12.27"]
[Round "1"]
[White "Spiric, Igor"]
[Black "Tatliak, Stefan"]
[Result "1-0"]
[WhiteElo "2277"]
[BlackElo "1699"]
[PlyCount "69"]
[EventDate "2018.12.27"]
[EventType "swiss"]
[EventRounds "7"]
[EventCountry "GER"]
[SourceTitle "CBM 188 Extra"]
[Source "ChessBase"]
[SourceDate "2019.02.26"]
[SourceVersion "1"]
[SourceVersionDate "2019.02.26"]
[SourceQuality "1"]

1. d4 Nf6 2. c4 e6 3. Nc3 Bb4 4. a3 Be7 5. e4 d6 6. Nf3 0-0 7. Bd3 Nbd7 8. e5 Ne8 9. h4 dxe5 10. dxe5 f5 11. exf6 Nexf6 12. Qe2 Nc5 13. Bc2 c6 14. b4 Na6 15. Bb2 Nc7 16. Rd1 Qe8 17. Qe5 Bd8 18. Ne4 Qe7 19. Rh3 Nce8 20. c5 a5 21. Nd6 axb4 22. Nxc8 Rxc8 23. axb4 Bc7 24. Qe2 Nd5 25. Ng5 Nf4 26. Bxh7+ Kh8 27. Qc2 Nxh3 28. gxh3 Nf6 29. Bg6 Rcd8 30. Rxd8 Rxd8 31. Bf7 e5 32. Be6 Rf8 33. Qg6 b6 34. f4 bxc5 35. fxe5 1-0

[Event "GER-ch Seniors 50"]
[Site "Hamburg"]
[Date "2018.07.25"]
[Round "5"]
[White "Tatliak, Stefan"]
[Black "Schaefer, Martin1111"]
[Result "0-1"]
[WhiteElo "1710"]
[BlackElo "2009"]
[PlyCount "54"]
[EventDate "2018.07.21"]
[EventType "swiss"]
[EventRounds "9"]
[EventCountry "GER"]
[SourceTitle "CBM 186 Extra"]
[Source "ChessBase"]
[SourceDate "2018.08.24"]
[SourceVersion "1"]
[SourceVersionDate "2018.08.24"]
[SourceQuality "1"]

1. e4 c5 2. Nf3 Nc6 3. d4 cxd4 4. Nxd4 e5 5. Nb5 d6 6. N5c3 Be6 7. Nd2 d5 8. Bb5 Bb4 9. Qh5 Qd6 10. Qg5 Nge7 11. 0-0 Bxc3 12. bxc3 0-0 13. exd5 f6 14. Qh4 Ng6 15. Qa4 Qxd5 16. Bc4 Qd7 17. Ba3 Rf7 18. Rfd1 Rd8 19. Ne4 Qxd1+ 20. Rxd1 Rxd1+ 21. Bf1 Nf4 22. f3 a6 23. Kf2 Rfd7 24. Be2 Nxe2 25. Kxe2 f5 26. Nf2 R7d2+ 27. Ke3 f4+ 0-1

[Event "Hamburg Junge op"]
[Site "Hamburg"]
[Date "2005.10.08"]
[Round "8"]
[White "Tatliak, Stefan"]
[Black "Hasenbank, Dirk"]
[Result "0-1"]
[WhiteElo "1768"]
[BlackElo "2074"]
[PlyCount "120"]
[EventDate "2005.10.01"]
[EventType "swiss"]
[EventRounds "9"]
[EventCountry "GER"]
[SourceTitle "CBM 108 Extra"]
[Source "ChessBase"]
[SourceDate "2005.11.04"]
[SourceVersion "1"]
[SourceVersionDate "2005.11.04"]
[SourceQuality "1"]

1. e4 g6 2. d4 c6 3. f4 d5 4. e5 h5 5. Bd3 Nh6 6. Nf3 Bg4 7. c3 e6 8. 0-0 c5 9. Qa4+ Nc6 10. Bb5 Qb6 11. Nbd2 a6 12. Bxc6+ bxc6 13. dxc5 Bxc5+ 14. Nd4 Be2 15. N2f3 Bb5 16. Qd1 Bxf1 17. Kxf1 0-0-0 18. Qa4 Kc7 19. Be3 Nf5 20. Nxf5 gxf5 21. Bxc5 Qxc5 22. Nd4 Qc4+ 23. Qxc4 dxc4 24. Ke2 Rhg8 25. g3 h4 26. Rg1 Rb8 27. b4 c5 28. Nc2 hxg3 29. hxg3 Kc6 30. a3 Rbd8 31. bxc5 Kxc5 32. Ne3 Rb8 33. Nc2 Rb3 34. Kd2 Rd8+ 35. Nd4 Rxa3 36. Rb1 Rxd4+ 37. cxd4+ Kxd4 38. Rb7 Rxg3 39. Rxf7 Rg2+ 40. Kd1 c3 41. Re7 Kd3 42. Rd7+ Ke3 43. Rc7 c2+ 44. Kc1 Kxf4 45. Rc6 Kxe5 46. Rxa6 f4 47. Ra5+ Kf6 48. Ra3 e5 49. Ra8 Kf5 50. Rf8+ Ke4 51. Rc8 f3 52. Rc4+ Kf5 53. Rc8 e4 54. Rf8+ Kg4 55. Rg8+ Kh3 56. Rh8+ Kg3 57. Rg8+ Kf2 58. Rc8 Kf1 59. Rh8 f2 60. Kd2 Kg1 0-1